Statistiken für Bayern-die 20 größten Städte

Klicken Sie hier um das Quiz zu spielen!

Allgemein

  • Dieses Quiz wurde 296 mal gespielt
  • Das Durchschnittsergebnis liegt bei 15 aus 20

Antwortstatistiken

EinwohnerzahlRegierungsbezirkStadt% Korrekt
1.512.491OberbayernMünchen
100%
523.026MittelfrankenNürnberg
98%
301.033SchwabenAugsburg
97%
147.443OberpfalzRegensburg
92%
141.029OberbayernIngolstadt
89%
131.433MittelfrankenFürth
88%
127.810UnterfrankenWürzburg
85%
74.506OberfrankenBayreuth
83%
53.907NiederbayernPassau
80%
79.935OberfrankenBamberg
79%
116.562MittelfrankenErlangen
76%
64.403OberbayernRosenheim
72%
72.444UnterfrankenAschaffenburg
71%
75.457NiederbayernLandshut
67%
70.056SchwabenKempten (Allgäu)
63%
54.675UnterfrankenSchweinfurt
63%
61.043SchwabenNeu-Ulm
59%
48.195OberbayernDachau
48%
49.164NiederbayernStraubing
42%
49.339OberbayernFreising
37%

Verteilung der Resultate

Perzentil nach korrekt beantworteten Fragen

Anzahl Personen mit jedem Resultat

Ihre Resultats-Entwicklung

Sie haben dieses Quiz noch nicht gespielt